000 nam a22 7a 4500
999 _c28410
_d28409
003 OSt
005 20170522105754.0
008 170522b xxu||||| |||| 00| 0 eng d
020 _a1439233837
040 _aMMU
_beng
_cMMU
_dMMU
050 _aHD60.H648 2009.
100 _aJeffrey Hollender
245 _aIn our every deliberation:
_bAn introduction to seventh generation/
_cHollender Jeffrey
260 _aNew york:
_b Jeffrey hollender,
_c2009.
300 _a154 p,;
650 _aDeliberation
942 _2lcc
_cLOAN LOAN